| 000 | 00780nam a2200229Ia 4500 | ||
|---|---|---|---|
| 008 | 130821s2008 xxu gr spa | ||
| 020 | _a9781602550339 | ||
| 040 |
_aCo-BoUCM _bspa |
||
| 041 | 0 | 0 | _aspa |
| 100 | 1 |
_aMaxwell, Jhon _9164895 |
|
| 245 | 1 | 0 |
_aLiderazgo principios de oro las lecciones que he aprendido de una vida de liderazgo _cJohn C. Maxwell |
| 260 |
_aWashington _bGrupo nelson _c2008 |
||
| 300 | _a283 páginas | ||
| 650 | 0 | 4 |
_aAdministración de empresas _9435 |
| 650 | 0 | 4 |
_aAdministración de personal _98562 |
| 650 | 0 | 4 |
_aAdministración industrial _98602 |
| 650 | 0 | 4 |
_aLiderazgo _918533 |
| 700 | 1 |
_aChi, Enrique _etrad. _9164896 |
|
| 765 | _tLeadership gold | ||
| 942 |
_cLIBRO _a16 _e1 _mM465L _2DEWEY _h658.4092 |
||
| 999 |
_c59225 _d59225 |
||